Extended irreversible thermodynamics

Guardat en:
Dades bibliogràfiques
Autors principals: Jou Mirabent, David (Autor), Casas Vázquez, José (Autor), Lebon, Georgy (Autor)
Format: Llibre
Idioma:anglès
Publicat: Berlín Springer 1993
Matèries:
Etiquetes: Afegir etiqueta
Sense etiquetes, Sigues el primer a etiquetar aquest registre!

MARC

LEADER 00000nam a2200000 a 4500
001 UCT5059
003 CL-VaPUC
008 961129e19930000GW |||||||||||||||||eng|d
082 0 4 |a 536.7  |b JOU  |2 21 
100 |a Jou Mirabent, David  |e author  |9 595955 
700 0 |a Casas Vázquez, José  |e author  |9 374306 
700 0 |a Lebon, Georgy  |e author  |9 374307 
245 1 0 |a Extended irreversible thermodynamics 
300 |a 319 p 
942 |c BK 
945 |d 19961129 00:00:00  |a rleighto 
260 |a Berlín  |b Springer  |c 1993 
650 0 |a Termodinámica   |9 259320 
650 0 |a Entropía  |9 262675 
650 7 |a PROCESOS IRREVERSIBLES  |2 CL-VaPUC  |9 321479 
650 7 |a TEORIA CINETICA DE LOS GASES  |2 CL-VaPUC  |9 260954 
650 0 |a Gases  |9 260945 
650 0 |a Fluidos  |9 259333 
650 0 |a Ondas  |9 260165 
650 0 |a Hidrodinámica   |9 261326 
583 |a last modification  |c 19961129 00:00:00  |k Rodrigo Vera 
999 |c 254081  |d 254079 
952 |0 0  |1 0  |4 0  |6 536_700000000000000_JOU_1993  |7 0  |8 A  |9 275460  |a BIBING  |b BIBING  |d 2019-11-19  |i 3253155  |o 536.7 JOU 1993  |p 3253155  |r 2025-01-20  |w 2019-11-19  |y BK  |k ING 
952 |0 0  |1 0  |4 0  |6 536_700000000000000_JOU_1993  |7 0  |8 A  |9 275461  |a BIBCUR  |b BIBCUR  |d 2019-11-19  |i 358173K  |o 536.7 JOU 1993  |p 358173K  |r 2025-04-22  |w 2019-11-19  |y BK  |k BCB